|
|
|
|
| LEADER |
00752nam a2200193Ia 4500 |
| 001 |
CTU_78346 |
| 008 |
210402s9999 xx 000 0 und d |
| 082 |
|
|
|a 609
|
| 082 |
|
|
|b D489
|
| 110 |
|
|
|a Development Centre of the Organisation for Economic Co-operation and Development
|
| 245 |
|
0 |
|a Choice and adaptation of technology in developing countries :
|
| 245 |
|
3 |
|b An overview of major policy issues
|
| 245 |
|
0 |
|c Development Centre of the Organisation for Economic Co-operation and Development
|
| 260 |
|
|
|a Paris
|
| 260 |
|
|
|b Development Centre of the Organisation for Economic Co-operation and Development
|
| 260 |
|
|
|c 1974
|
| 650 |
|
|
|a Technology
|
| 650 |
|
|
|x Developing countries
|
| 980 |
|
|
|a Trung tâm Học liệu Trường Đại học Cần Thơ
|